Silk Road Countries Quiz Stats

 Plays Quiz Updated Jan 6, 2012

Challenge
Share
Tweet
Embed
Score 0/26 Timer 05:00
1 Play Today
Type of Route Country % Correct
ContinentalChina
98.3%
MaritimeIndia
95.3%
ContinentalIran
90.2%
ContinentalIraq
89.4%
ContinentalPakistan
88.4%
ContinentalTurkey
87.9%
MaritimeRussia
87.1%
ContinentalAfghanistan
84.3%
ContinentalMongolia
73.3%
ContinentalKazakhstan
72.1%
ContinentalSyria
71.3%
MaritimeEgypt
71.1%
ContinentalUzbekistan
70.6%
Type of Route Country % Correct
ContinentalTurkmenistan
69.9%
MaritimeVietnam
65.4%
ContinentalTajikistan
64.3%
MaritimeIndonesia
64.2%
MaritimeItaly
60.6%
ContinentalJordan
59.2%
MaritimeSri Lanka
57.9%
ContinentalSouth Korea
57.7%
ContinentalNorth Korea
55.8%
MaritimeCambodia (Khmer)
54.4%
MaritimeYemen
53.9%
MaritimeMalaysia
53.8%
MaritimeOman
53.6%

You're not logged in!

Compare scores with friends on all Sporcle quizzes.
OR
Log In

You Might Also Like...

Show Comments

Extras

Top Quizzes Today


Score Distribution

Your Account Isn't Verified!

In order to create a playlist on Sporcle, you need to verify the email address you used during registration. Go to your Sporcle Settings to finish the process.

Report this User

Report this user for behavior that violates our Community Guidelines.

Details: